[Event "IX Floripa Chess Open Fort Atacadista"]
[Site "Florianópolis - Santa Catari"]
[Date "2023.01.27"]
[Round "7.1"]
[White "Matsuura, Everaldo"]
[Black "Pichot, Alan"]
[Result "0-1"]
[WhiteElo "2426"]
[BlackElo "2634"]
[PlyCount "115"]
[EventDate "2023.01.23"]
[EventRounds "10"]
[EventCountry "BRA"]

1. e4 c5 2. Nf3 d6 3. d4 cxd4 4. Nxd4 Nf6 5. Nc3 a6 6. Be3 e5 7. Nb3 Be6 8. Qd2
Nbd7 9. O-O-O b5 10. f4 Rc8 11. Kb1 Be7 12. f5 Bc4 13. g4 b4 $2 (13... Nxg4 14.
a3 O-O 15. Bxc4 bxc4 16. Nc1 Nxe3 17. Qxe3 h6 18. Rhg1 Kh7 19. N1a2 Bg5 20. Qg3
) 14. Bxc4 bxc3 15. Qd3 $6 (15. Qxc3) 15... Nxg4 16. Bxa6 Rc7 17. Rhg1 Nxe3 18.
Qxe3 Kf8 19. Bb5 cxb2 20. f6 Nxf6 21. Rxg7 Nh5 $6 (21... h5) 22. Rgg1 Nf4 23.
Kxb2 $6 (23. Nd4 Rc5) 23... Bg5 24. Qf3 $6 (24. a4) 24... h6 25. a4 Qc8 26. c3
Ke7 27. Rgf1 Qe6 28. c4 Rhc8 29. Rc1 Qg6 30. Rc2 Kf8 31. Rd1 Qe6 32. a5 Be7 33.
a6 Rb8 34. Qe3 Qc8 35. Rc3 $6 (35. Rcd2) 35... Bg5 36. Qf3 Rb6 37. Ra1 Ra7 38.
Qf2 Qc7 39. Kc2 Bd8 40. Rd1 Qb8 41. Ra1 Qa8 42. Nd2 Ne6 43. Rd3 Qc8 44. Kd1 Nc5
45. Rf3 Bg5 46. Ra2 Qe6 $6 (46... Qg4 47. Raa3) 47. h4 $6 (47. Nb3 Qg4 48. Nxc5
dxc5 49. Qxc5+ Kg8 50. Qxb6 Qxf3+ 51. Kc2 Ra8 52. Qd6 Rd8 53. Qxd8+ Bxd8) 47...
Bf4 $6 (47... Bxd2) 48. Rxf4 $2 (48. Nb3 Nxe4 49. Qxb6 Qg4 50. Raf2 Nxf2+ 51.
Qxf2 e4 52. Qxa7 Qxf3+ 53. Kc2 Qe2+ 54. Kc3 Bd2+) 48... exf4 49. Qxf4 Ke7 50.
Ra3 Qf6 51. Qxf6+ Kxf6 52. Ke2 Ke7 53. Ke3 $6 (53. Nf1 Nxe4) 53... Nxa6 54. Nf3
Ra8 55. Nd4 Nc7 56. Nf5+ Kf6 57. Rxa8 Nxa8 58. Kf4 $2 (58. Nxh6) 0-1

[Event "IX Floripa Chess Open Fort Atacadista"]
[Site "Florianópolis - Santa Catari"]
[Date "2023.01.27"]
[Round "7.2"]
[White "Di Berardino, Diego Rafael"]
[Black "Mareco, Sandro"]
[Result "1/2-1/2"]
[WhiteElo "2458"]
[BlackElo "2625"]
[PlyCount "46"]
[EventDate "2023.01.23"]
[EventRounds "10"]
[EventCountry "BRA"]

1. d4 Nf6 2. c4 e6 3. Nc3 Bb4 4. e3 O-O 5. Bd3 d5 6. a3 Bxc3+ 7. bxc3 c6 8. a4
Qc7 9. Nf3 b6 10. Ba3 Re8 11. O-O Ba6 12. cxd5 cxd5 13. Bxa6 Nxa6 14. Qd3 Qb7
15. Nd2 e5 16. Rfb1 Rac8 17. c4 exd4 18. exd4 Nc7 19. c5 Qc6 20. cxb6 axb6 21.
Nf3 Qxa4 22. Be7 Qc4 23. Qf5 Qc6 1/2-1/2

[Event "IX Floripa Chess Open Fort Atacadista"]
[Site "Florianópolis - Santa Catari"]
[Date "2023.01.27"]
[Round "7.3"]
[White "Fier, Alexandr"]
[Black "Cori T., Deysi"]
[Result "1-0"]
[WhiteElo "2602"]
[BlackElo "2356"]
[PlyCount "84"]
[EventDate "2023.01.23"]
[EventRounds "10"]
[EventCountry "BRA"]

1. e4 e6 2. d4 d5 3. Nc3 Bb4 4. e5 c5 5. a3 Bxc3+ 6. bxc3 Qc7 7. Qg4 f6 8. Bb5+
Nc6 9. Nf3 h5 10. Qg3 cxd4 11. exf6 $6 (11. cxd4 Qf7 12. Bd3 Nge7 13. O-O Bd7
14. h4 fxe5 15. dxe5 Nf5 16. Qh3 O-O 17. Rb1 b6) 11... Qxg3 12. hxg3 Nxf6 13.
cxd4 Bd7 14. Bd3 (14. Bc4) 14... O-O-O 15. Bf4 Ne4 16. Ne5 Be8 17. Nxc6 Bxc6
18. Be5 Rd7 $6 (18... Rdg8 19. f3 Ng5 20. Bf4 Nf7 21. Bg6 Be8 22. Rxh5 Rxh5 23.
Bxh5 Kd7 24. Bg6 Nd6 25. Bd3) 19. f3 Nd6 20. g4 h4 21. Kf2 Bb5 22. Rae1 Bxd3
23. cxd3 b6 24. a4 Nb7 $2 (24... Kb7) 25. Bf4 $4 (25. Rc1+ Kd8) 25... Nd8 26.
Bg5 Rc7 $6 (26... Nc6 27. Rxe6) 27. Rxh4 Rxh4 28. Bxh4 Rc2+ 29. Kg3 Nc6 $6 (
29... Nf7 30. f4) 30. Rxe6 Nxd4 31. Re8+ Kb7 32. Kh3 Re2 33. Rf8 Ne6 34. Rf7+
Kc6 35. f4 Kc5 $2 (35... d4 36. g5 g6 37. Rf6 Kd7 38. Kg4 Nc5 39. Rxg6 Nxd3 40.
Rg7+ Kc6 41. Rg8 Nc5 42. g6) 36. f5 Nf4+ 37. Kg3 Nxd3 38. Rxg7 Re3+ 39. Kh2 d4
40. f6 Nf4 41. f7 Ne6 42. Rg6 Kd5 1-0

[Event "IX Floripa Chess Open Fort Atacadista"]
[Site "Florianópolis - Santa Catari"]
[Date "2023.01.27"]
[Round "7.4"]
[White "Flores Quillas, Diego Saul Rodri"]
[Black "Delgado Ramirez, Neuris"]
[Result "1/2-1/2"]
[WhiteElo "2321"]
[BlackElo "2562"]
[PlyCount "71"]
[EventDate "2023.01.23"]
[EventRounds "10"]
[EventCountry "BRA"]

1. e4 c5 2. Nf3 d6 3. d4 cxd4 4. Nxd4 Nf6 5. Nc3 a6 6. h3 e6 7. g4 h6 8. Bg2
Nc6 9. Be3 Bd7 10. Qe2 $6 (10. f4 Rc8) 10... Nxd4 11. Bxd4 e5 12. Be3 Rc8 13.
f4 Be7 14. O-O-O $6 (14. f5) 14... Rxc3 15. bxc3 Qc7 16. Kb2 $6 (16. g5 hxg5
17. fxg5 Nh5 18. Qe1 Qc4 19. Bf3 g6 20. h4 Be6 21. Rg1 b5 22. Bg4 Bxg4) 16...
Be6 17. Ra1 $2 (17. g5 Nd7) 17... d5 $6 (17... exf4) 18. a4 exf4 19. Bd4 dxe4
20. Bxe4 O-O 21. Bf5 Bd5 $6 (21... Bc4) 22. Rhe1 Bc5 23. Bxc5 Qxc5 24. Qe7 Qc6
25. h4 Bc4 $6 (25... Bg2 26. Re6) 26. g5 Nd5 27. Bh7+ Kxh7 28. Qxf8 Qb6+ $2 (
28... Bb3 29. cxb3 Qxc3+ 30. Ka3 b5 31. axb5 Qa5+ 32. Kb2 Qd2+ 33. Ka3) 29. Kc1
Nxc3 30. gxh6 Qxh6 31. Qc5 Ne2+ $4 (31... b5 32. axb5) 32. Rxe2 $4 (32. Kd1 b5
33. axb5 Bxb5 34. Rxe2 Qxh4 35. Ra3 Bxe2+ 36. Kxe2 Qh2+ 37. Kd1 Qh1+ 38. Kd2
Qg2+) 32... Bxe2 33. Qf5+ Kg8 34. Qc8+ Kh7 35. Qf5+ Kg8 36. Qc8+ 1/2-1/2

[Event "IX Floripa Chess Open Fort Atacadista"]
[Site "Florianópolis - Santa Catari"]
[Date "2023.01.27"]
[Round "7.5"]
[White "Rodrigues, Edgar"]
[Black "Mekhitarian, Krikor Sevag"]
[Result "1/2-1/2"]
[WhiteElo "2299"]
[BlackElo "2551"]
[PlyCount "82"]
[EventDate "2023.01.23"]
[EventRounds "10"]
[EventCountry "BRA"]

1. e4 e5 2. Nf3 Nc6 3. d4 exd4 4. Nxd4 Nf6 5. Nxc6 bxc6 6. e5 Qe7 7. Qe2 Nd5 8.
c4 Ba6 9. b3 g6 10. Bb2 Bg7 11. Nd2 Nb4 12. Nf3 c5 13. g3 d5 14. a3 Nc6 15. Bg2
O-O 16. O-O Rab8 17. Qc2 d4 $6 (17... dxc4 18. bxc4 Rfd8 19. Rad1 Rxd1 20. Rxd1
Bxc4 21. Qxc4 Rxb2 22. Re1 Nxe5 23. Nxe5 Bxe5 24. Qd5) 18. Rfe1 Bc8 19. Nd2 Bf5
20. Qd1 Rb6 $6 (20... Qd7 21. f4 Na5 22. a4 Rfd8 23. Bf3 h5 24. Bd5 a6 25. Ba3
Bf8 26. Qf3 Be7 27. Rab1) 21. b4 cxb4 $6 (21... Qd7 22. Nb3 Nxe5 23. Nxc5 Qc8
24. Qb3 Nd7 25. Nd3 c5 26. Bd5 Nf6 27. Bg2) 22. Bxc6 Rxc6 23. axb4 Qxb4 24. Ba3
Qc3 25. Bxf8 Bxf8 26. Rc1 Qb2 27. Qf3 $6 (27. Ne4 d3 28. Qxd3 Qxe5 29. Qd5 Qe6
30. Ng5 Qxd5 31. cxd5 Rxc1 32. Rxc1 h6 33. Nf3 Be4) 27... Ra6 $6 (27... Re6 28.
Ne4) 28. Ne4 Ra2 $6 (28... d3) 29. Nf6+ $6 (29. Rb1 Qa3) 29... Kg7 30. g4 Be6
$6 (30... d3 31. Ne8+ Kh8 32. Rb1 d2 33. Red1 Qxb1 34. Rxb1 Bxb1 35. e6 Bf5 36.
Qc3+ Kg8 37. Nf6+) 31. Rb1 Qc3 32. Ne8+ Kg8 33. Nf6+ Kg7 34. Ne8+ Kg8 35. Qa8
Qd2 36. Nf6+ Kg7 37. Rf1 Bxc4 38. Ne8+ Kg8 39. Nf6+ Kg7 40. Ne8+ Kg8 41. Nf6+
Kg7 1/2-1/2

[Event "IX Floripa Chess Open Fort Atacadista"]
[Site "Florianópolis - Santa Catari"]
[Date "2023.01.27"]
[Round "7.6"]
[White "Barbosa, Evandro Amorim"]
[Black "Coro, Lucas"]
[Result "1-0"]
[WhiteElo "2482"]
[BlackElo "2272"]
[PlyCount "99"]
[EventDate "2023.01.23"]
[EventRounds "10"]
[EventCountry "BRA"]

1. e4 c5 2. Nf3 e6 3. d4 cxd4 4. Nxd4 Nc6 5. Nc3 a6 6. Be2 Qc7 7. Nxc6 bxc6 8.
Qd3 Nf6 9. Qg3 Qxg3 10. hxg3 Bb4 11. Bd2 d5 12. g4 O-O 13. f3 h6 14. O-O-O a5
15. a3 Bd6 16. Rh3 e5 17. Rh2 Be6 $6 (17... d4 18. Na4 Be6 19. Nb6 Ra7 20. g5
Nd7 21. Nc4 Bxc4 22. Bxc4 Nb6 23. Ba2 Rb8 24. gxh6) 18. g5 Nh7 19. gxh6 g6 20.
exd5 cxd5 21. Nb5 Bc5 $6 (21... Bb8 22. Rh4 Rc8 23. Kb1 Nf6 24. Ra4 Nh5 25.
Rxa5 Rxa5 26. Bxa5 Ng3 27. Bd3 e4 28. Bf1) 22. Nc7 Ra7 23. Nxe6 fxe6 24. Bd3
Kf7 25. Rh4 Bd4 26. c3 Bc5 27. Rdh1 Rc7 28. R1h3 Nf6 29. Kd1 $6 (29. Ra4 Bb6
30. h7 Rh8 31. Rh6 e4 32. fxe4 d4 33. Kb1 dxc3 34. Bxc3 Rxh7 35. Rxh7+ Nxh7)
29... Rh8 30. Ke2 Bd6 31. Ra4 Rb7 32. Bc1 Bc7 33. Bc2 Rbb8 $2 (33... Ra7 34. g4
Bb6 35. Kd1 Ng8 36. b4 Ne7 37. Bg5 Nc6 38. Bd3 Nd8 39. c4 dxc4 40. Be4) 34. Rg3
$2 (34. Bxg6+ Ke7 35. Bc2 e4 36. g4 Rhf8 37. g5 Nd7 38. fxe4 Bf4 39. Bxf4 Rxb2
40. Bd2 Rxc2) 34... Rbg8 35. b4 e4 $6 (35... d4 36. Be4) 36. Rh3 g5 37. fxe4
dxe4 38. c4 $6 (38. bxa5 g4 39. Rh1 Nd5 40. Bd2 e3 41. h7 Rb8 42. c4 Nf4+ 43.
Kxe3 Nxg2+ 44. Ke4 g3) 38... Bf4 39. Bb2 Rd8 40. Bc3 g4 41. Rh1 Rxh6 42. Rxh6
Bxh6 43. Rxa5 Bf4 44. Ra7+ Kg6 45. Re7 $6 (45. b5 Rc8 46. Ra4 Kf5 47. b6 Nh5
48. Be1 Be5 49. c5 Nf4+ 50. Kd2 Rxc5 51. Bxe4+ Kg5) 45... e5 $4 (45... Kf5 46.
b5 Be5 47. Bxe5 Kxe5 48. b6 Nh5 49. b7 Nf4+ 50. Kf2 Rf8 51. Rf7 g3+ 52. Kxg3)
46. b5 $4 (46. Re6 Kf5 47. Rxf6+ Kxf6 48. Bxe4 Rh8 49. a4 Rh1 50. a5 Rc1 51.
Kd3 Be3 52. c5 Bd4) 46... Nh5 47. Rxe5 $2 (47. Be1 Ng3+) 47... Ng3+ $4 (47...
Bxe5 48. Bxe5 Kf5 49. Bc3 Nf4+ 50. Kf1 g3 51. b6 Rb8 52. c5 Ne6 53. a4 Nxc5 54.
a5) 48. Ke1 Bxe5 49. Bxe5 Nf5 50. b6 1-0

[Event "IX Floripa Chess Open Fort Atacadista"]
[Site "Florianópolis - Santa Catari"]
[Date "2023.01.27"]
[Round "7.7"]
[White "Cuenca Jimenez, Jose Fernando"]
[Black "Pires, Marcos Vinicius Tor"]
[Result "1-0"]
[WhiteElo "2545"]
[BlackElo "2238"]
[PlyCount "131"]
[EventDate "2023.01.23"]
[EventRounds "10"]
[EventCountry "BRA"]

1. d4 d5 2. c4 e6 3. Nf3 Nf6 4. g3 dxc4 5. Bg2 c5 6. Qa4+ Bd7 7. Qxc4 b5 8. Qc2
Na6 9. Nc3 Rc8 10. a3 Be7 11. dxc5 Nxc5 12. Ne5 O-O 13. O-O Na4 14. Rd1 Nxc3
15. bxc3 Rc7 16. Be3 Qc8 17. Qb2 Rd8 18. Bd4 $6 (18. Nxd7 Rcxd7) 18... Be8 19.
Nd3 Nd5 20. Be5 Rc4 21. Rdc1 Nb6 22. Qb3 Na4 23. Bd4 Rc7 24. Bf3 Nc5 $6 (24...
a5) 25. Nxc5 Bxc5 26. Rd1 Bxd4 27. cxd4 Rc3 28. Qb2 Rc2 29. Qb1 Qc4 $6 (29...
h6) 30. Qb4 $6 (30. Be4) 30... Qxb4 31. axb4 Rc4 32. Rxa7 Rxb4 33. d5 exd5 34.
Bxd5 Rxd5 35. Rxd5 Rb1+ 36. Kg2 Bc6 37. e4 Bxd5 38. exd5 g6 39. Kf3 Kg7 40. Ke4
Kf6 41. Rb7 b4 42. Rb6+ Ke7 43. Ke5 Re1+ 44. Kd4 Rd1+ 45. Kc5 Rc1+ 46. Kd4 Rd1+
47. Ke4 Re1+ 48. Kf4 Rd1 49. Rb7+ Kf6 50. Ke4 Rb1 51. Kd4 b3 52. Kc5 Rc1+ 53.
Kd6 Rc2 $4 (53... Rb1 54. Kd7 b2 55. d6 g5 56. Rb6 Kg7 57. f4 g4 58. Rb7 Kf6
59. Rb5 Kg6 60. Rb8) 54. Rxb3 Rxf2 55. h4 h5 $6 (55... h6 56. Rd3) 56. Re3 $6 (
56. Rd3 Rc2 57. Kd7 Kg7 58. d6 Kf8 59. Rb3 Rc4 60. Rb8+ Kg7 61. Rc8 Rd4 62. Kc7
Rc4+) 56... g5 57. hxg5+ Kxg5 58. Ke7 Rd2 59. Re5+ f5 60. Ke6 Kg4 61. Rxf5 Rd3
62. Kf6 Rd1 63. Rg5+ Kf3 64. Ke7 Re1+ 65. Kd7 Rd1 66. d6 1-0

[Event "IX Floripa Chess Open Fort Atacadista"]
[Site "Florianópolis - Santa Catari"]
[Date "2023.01.27"]
[Round "7.8"]
[White "Labussiere, Yago"]
[Black "Languidey, Simon Alejandro"]
[Result "1-0"]
[WhiteElo "2227"]
[BlackElo "2403"]
[PlyCount "126"]
[EventDate "2023.01.23"]
[EventRounds "10"]
[EventCountry "BRA"]

1. d4 e6 2. c4 d5 3. Nf3 Be7 4. g3 Nf6 5. Bg2 O-O 6. O-O dxc4 7. Qc2 a6 8. a4
Nc6 9. Qxc4 Qd5 10. Nbd2 Rd8 11. e3 Qh5 12. h3 Nd5 13. e4 Ndb4 14. Nb3 b5 15.
axb5 axb5 16. Qc3 Rxa1 17. Nxa1 Bb7 18. Be3 f6 19. Nb3 Na2 20. Qc2 Nab4 21. Qb1
Qe8 22. Rc1 Na6 23. Ne1 Ncb4 24. Nc2 Nxc2 25. Qxc2 Bb4 26. Bd2 Qe7 $6 (26...
Bf8) 27. Bxb4 Qxb4 28. Qc3 $6 (28. Ra1 Qe7) 28... f5 29. Qxb4 Nxb4 30. exf5
Bxg2 31. Kxg2 exf5 32. Rxc7 Nd3 33. Rc3 $6 (33. Nc5 Rxd4 34. Ne6 Rd6 35. Rxg7+
Kh8 36. Re7 h6 37. b3 Ne1+ 38. Kf1 Nd3 39. Ke2 Nc1+) 33... Nxb2 34. Rc5 f4 35.
Rxb5 fxg3 36. fxg3 Rf8 37. Re5 Nc4 38. Re2 Rb8 39. Nc5 Rd8 40. Ne6 Rd6 41. Ng5
g6 42. h4 h6 43. Nf3 Kf7 44. Kf2 Ra6 45. Rc2 Nd6 46. Ne5+ Kf6 47. Ng4+ Kf5 48.
Nxh6+ Ke4 49. Re2+ Kxd4 50. Ng4 Ra3 51. Rd2+ Kc5 52. Rc2+ Kd5 53. Ne3+ Ke5 54.
Ng4+ Kf5 55. Ne3+ Ke5 56. Re2 Ne4+ 57. Kf3 Nf6 $4 (57... Nc5 58. Kg4 Ra4+ 59.
Kh3 Ne4 60. Rc2 Kd4 61. Rc4+ Rxc4 62. Nxc4 Nf6 63. Nd2 Kd3 64. Nf1) 58. Kg2 Ra6
59. Ng4+ Kd5 60. Nxf6+ Rxf6 61. Kh3 Rf5 62. Kg4 Kd6 63. Re8 Kd7 1-0

[Event "IX Floripa Chess Open Fort Atacadista"]
[Site "Florianópolis - Santa Catari"]
[Date "2023.01.27"]
[Round "7.9"]
[White "Almiron, Antonio"]
[Black "Silva, Kaua Marques"]
[Result "1/2-1/2"]
[WhiteElo "2334"]
[BlackElo "2196"]
[PlyCount "79"]
[EventDate "2023.01.23"]
[EventRounds "10"]
[EventCountry "BRA"]

1. Nf3 Nf6 2. c4 e6 3. g3 d5 4. Bg2 dxc4 5. Qa4+ Bd7 6. Qxc4 Bc6 7. O-O Nbd7 8.
Qc2 Be7 9. Nc3 O-O 10. d4 b5 11. Bf4 Rc8 12. d5 Nxd5 13. Nd4 Ba8 14. Nxd5 exd5
15. Nxb5 Bc5 16. b4 Bb6 17. Rad1 Qe7 18. a3 Ne5 19. Nc3 $6 (19. Bxd5 Bxd5 20.
Rxd5 Ng6 21. e3 Qe6 22. Nc3 c5 23. b5 Rfd8 24. Rfd1 Rxd5 25. Rxd5 h6) 19... c6
20. e4 $6 (20. Bxe5 Qxe5 21. Na4 Bb7 22. Rd2 Rfe8 23. Nc5 Bxc5 24. Qxc5 Ba6 25.
Rc1 Bxe2 26. Bxd5 Bb5) 20... g5 $6 (20... d4 21. Na4 c5 22. bxc5 Bxc5 23. Nxc5
Rxc5 24. Qb2 Nc6 25. Rc1 Ra5 26. Rc4 Rxa3 27. Rfc1) 21. Bc1 $6 (21. Bxe5 Qxe5
22. Na4 Rcd8 23. Nc5 a5 24. Kh1 axb4 25. axb4 Kh8 26. Rb1 Bxc5 27. bxc5 d4)
21... a5 $2 (21... d4 22. Na4 c5 23. bxc5 Bxc5 24. Qd2 d3 25. Nxc5 Rxc5 26.
Qxg5+ Qxg5 27. Bxg5 f6 28. Bd2) 22. Na4 Ba7 23. bxa5 $6 (23. Nc5 Rb8) 23... d4
24. Nb6 Bxb6 25. axb6 c5 26. f4 $6 (26. a4 g4) 26... Nd7 27. e5 $6 (27. fxg5
Nxb6 28. h4 Nd7 29. Bf4 Rfe8 30. Qc4 Bc6 31. Rc1 Ra8 32. Rc2 Qe6 33. Qxe6 Rxe6)
27... Bxg2 28. Qxg2 Nxb6 29. Rde1 gxf4 $6 (29... d3) 30. Bxf4 Qe6 31. Bg5 Nd7
32. Bf6 Rfe8 33. Qf3 Nxf6 34. exf6 Qh3 35. Qd5 h6 36. Re7 Rxe7 37. fxe7 Qe6 38.
Qd8+ Kg7 39. h4 f5 $2 (39... d3 40. Rf3 h5 41. Qxd3 Qxe7 42. Qf5 Rd8 43. Kh2
Rd2+ 44. Kh3 Qd7 45. a4 c4 46. a5) 40. Rxf5 $4 (40. a4) 1/2-1/2

[Event "IX Floripa Chess Open Fort Atacadista"]
[Site "Florianópolis - Santa Catari"]
[Date "2023.01.27"]
[Round "7.10"]
[White "Melian, Juan Sebastian"]
[Black "Lujan, Carolina"]
[Result "1/2-1/2"]
[WhiteElo "2197"]
[BlackElo "2324"]
[PlyCount "49"]
[EventDate "2023.01.23"]
[EventRounds "10"]
[EventCountry "BRA"]

1. c4 Nf6 2. Nc3 d5 3. cxd5 Nxd5 4. g3 g6 5. Bg2 Nxc3 6. bxc3 Bg7 7. Rb1 Nc6 8.
h4 h6 9. h5 g5 10. d4 Qd6 11. f4 gxf4 12. gxf4 Bd7 13. e4 Na5 14. e5 Qa6 15.
Qe2 Qxe2+ 16. Nxe2 O-O-O 17. Be3 Bf8 18. Ng3 Rg8 19. Kf2 b6 20. f5 Nc4 21. Bc1
e6 22. f6 Nxe5 23. dxe5 Bc5+ 24. Kf1 Rxg3 25. Bxh6 1/2-1/2

[Event "IX Floripa Chess Open Fort Atacadista"]
[Site "Florianópolis - Santa Catari"]
[Date "2023.01.27"]
[Round "7.11"]
[White "De Oliveira, Gustavo Alfredo Bue"]
[Black "Labussiere, Victor"]
[Result "0-1"]
[WhiteElo "2150"]
[BlackElo "2315"]
[PlyCount "96"]
[EventDate "2023.01.23"]
[EventRounds "10"]
[EventCountry "BRA"]

1. Nf3 Nf6 2. d4 g6 3. Bf4 Bg7 4. e3 O-O 5. Be2 d6 6. O-O Nfd7 7. h3 Nc6 8. c4
e5 9. Bg3 f5 10. dxe5 dxe5 11. Bh4 Qe8 12. Nc3 e4 13. Nd4 Nc5 14. Ncb5 Rf7 15.
Bg3 Ne5 16. b4 Ne6 17. c5 a6 18. Nxe6 Bxe6 19. Nd4 Rd8 20. Qc2 Bd5 21. Rfd1 c6
22. a4 Bf6 23. b5 axb5 24. axb5 Rfd7 25. Rd2 Kg7 26. Qa4 h5 27. Rad1 h4 28. Bf4
Qe7 29. Qb4 Kh7 30. Bf1 Qf7 31. Bh2 Kg7 32. Ra1 Kh7 33. Ra7 Bg7 34. Qa5 g5 35.
Ra8 Rxa8 36. Qxa8 f4 37. Qb8 Qf6 38. bxc6 bxc6 39. Ba6 Rd8 40. Qc7 Rd7 41. Qb6
Rf7 42. Qb1 Qg6 43. Rd1 Bh6 44. Bc8 g4 45. exf4 Bxf4 46. Bxf4 Rxf4 47. Bf5 Rxf5
48. Nxf5 Qxf5 0-1

[Event "IX Floripa Chess Open Fort Atacadista"]
[Site "Florianópolis - Santa Catari"]
[Date "2023.01.27"]
[Round "7.12"]
[White "Campelo, Leandro Fabricio"]
[Black "Perez, Daniel"]
[Result "1/2-1/2"]
[WhiteElo "2125"]
[BlackElo "2306"]
[PlyCount "36"]
[EventDate "2023.01.23"]
[EventRounds "10"]
[EventCountry "BRA"]

1. e4 c5 2. Nf3 Nc6 3. d4 cxd4 4. Nxd4 Nf6 5. Nc3 e5 6. Ndb5 d6 7. Bg5 a6 8.
Na3 b5 9. Bxf6 gxf6 10. Nd5 f5 11. Bd3 Be6 12. c3 Bg7 13. Nxb5 axb5 14. Bxb5
Bd7 15. exf5 Rb8 16. a4 O-O 17. O-O f6 18. g4 Ne7 1/2-1/2

[Event "IX Floripa Chess Open Fort Atacadista"]
[Site "Florianópolis - Santa Catari"]
[Date "2023.01.27"]
[Round "7.13"]
[White "Kropff, Ricardo"]
[Black "Menna Barreto, Felipe Kubiaki"]
[Result "1/2-1/2"]
[WhiteElo "2125"]
[BlackElo "2305"]
[PlyCount "35"]
[EventDate "2023.01.23"]
[EventRounds "10"]
[EventCountry "BRA"]

1. e4 c5 2. Nf3 d6 3. Bb5+ Bd7 4. Bxd7+ Nxd7 5. O-O Ngf6 6. Qe2 e6 7. c3 Be7 8.
d4 O-O 9. e5 Nd5 10. c4 Nb4 11. exd6 Bxd6 12. Nc3 cxd4 13. Nxd4 Qb8 14. g3 Be5
15. Be3 Qc8 16. Rac1 Rd8 17. Rfd1 Nc6 18. Nf3 1/2-1/2

[Event "IX Floripa Chess Open Fort Atacadista"]
[Site "Florianópolis - Santa Catari"]
[Date "2023.01.27"]
[Round "7.14"]
[White "Tomiello, Lucas Costamilan"]
[Black "Do Nascimento, Christian Almeida"]
[Result "1-0"]
[WhiteElo "2263"]
[BlackElo "2097"]
[PlyCount "101"]
[EventDate "2023.01.23"]
[EventRounds "10"]
[EventCountry "BRA"]

1. e4 c5 2. Nf3 g6 3. c4 Bg7 4. d4 cxd4 5. Nxd4 Nc6 6. Nc2 Nf6 7. Nc3 O-O 8.
Be2 d6 9. O-O Be6 10. Be3 Nd7 11. Qd2 Nde5 12. Nd5 Ng4 13. Bg5 f6 14. Bh4 Nh6
15. Rae1 Kh8 16. b4 Rc8 17. Nce3 Qd7 18. f4 Bg8 19. b5 Nd8 20. e5 dxe5 21. fxe5
g5 22. exf6 exf6 23. Bf2 f5 24. Rd1 Ne6 25. Nc2 b6 26. Ncb4 f4 27. Nc6 g4 28.
g3 f3 29. Bd3 Qf7 30. Rfe1 Rce8 31. Bf1 Qh5 32. Nxa7 Ng5 33. Rxe8 Rxe8 34. Nf4
Qf7 35. Nc6 Nf5 36. Qd7 Qf8 37. Bd3 Nh6 38. Bd4 f2+ 39. Kxf2 Nh3+ 40. Kg2 Nxf4+
41. gxf4 Bf7 42. Bxb6 Be6 43. Qc7 Rc8 44. Qe7 Qxf4 45. Rf1 Qd2+ 46. Rf2 Qxd3
47. Qxe6 Qh3+ 48. Kg1 Rg8 49. Bd4 Bxd4 50. Nxd4 Qh4 51. Qe5+ 1-0

[Event "IX Floripa Chess Open Fort Atacadista"]
[Site "Florianópolis - Santa Catari"]
[Date "2023.01.27"]
[Round "7.15"]
[White "Lima, Kleyton Alcantara"]
[Black "Viana Da Costa, Fernando"]
[Result "1/2-1/2"]
[WhiteElo "2080"]
[BlackElo "2241"]
[PlyCount "84"]
[EventDate "2023.01.23"]
[EventRounds "10"]
[EventCountry "BRA"]

1. e4 c5 2. Nf3 d6 3. d4 cxd4 4. Nxd4 Nf6 5. Nc3 a6 6. Be2 g6 7. O-O Bg7 8. Be3
O-O 9. a4 Nc6 10. Nxc6 bxc6 11. e5 dxe5 12. Qxd8 Rxd8 13. Bb6 Rd6 14. Bc5 Nd7
15. Ba3 f5 16. Rad1 Bf8 17. Bxd6 exd6 18. b4 Rb8 19. b5 axb5 20. axb5 cxb5 21.
Nxb5 Rb6 22. Bc4+ Kg7 23. Nc7 Nf6 24. Bd5 Rb2 25. Bb3 Be7 26. Ra1 d5 27. Ra7
Kh6 28. Ne8 Nxe8 29. Rxe7 Nf6 30. h4 f4 31. Ra1 Bf5 32. Rf7 Ng4 33. f3 Ne3 34.
Raa7 g5 35. Rf6+ Kh5 36. Rg7 gxh4 37. Bxd5 Bg6 38. Be4 Bxe4 39. fxe4 Rxc2 40.
Re6 Rc5 41. Rxh7+ Kg5 42. Rg7+ Kh5 1/2-1/2

[Event "IX Floripa Chess Open Fort Atacadista"]
[Site "Florianópolis - Santa Catari"]
[Date "2023.01.27"]
[Round "7.16"]
[White "Lima, Darcy"]
[Black "Cordeiro, Marco Aurelio Zaror"]
[Result "1-0"]
[WhiteElo "2439"]
[BlackElo "2099"]
[PlyCount "55"]
[EventDate "2023.01.23"]
[EventRounds "10"]
[EventCountry "BRA"]

1. d4 Nf6 2. Nf3 e6 3. g3 b5 4. Bg2 Bb7 5. O-O Be7 6. b3 O-O 7. c4 bxc4 8. bxc4
c5 9. dxc5 Bxc5 10. Nbd2 d5 11. Rb1 Qc8 12. Bb2 Nbd7 13. Ne5 Nxe5 14. Bxe5 Nd7
15. Ba1 Nb6 16. Nb3 Be7 17. Na5 Rd8 18. Nxb7 Qxb7 19. cxd5 Qa6 20. e4 exd5 21.
Qg4 Bf8 22. exd5 Qxa2 23. Be4 g6 24. Qf3 Bg7 25. Rfd1 f5 26. Bxg7 fxe4 27. Qf6
Rxd5 28. Bh6 1-0

[Event "IX Floripa Chess Open Fort Atacadista"]
[Site "Florianópolis - Santa Catari"]
[Date "2023.01.27"]
[Round "7.17"]
[White "Umetsubo, Cesar Hidemitsu"]
[Black "Guerrero, Alvaro"]
[Result "1-0"]
[WhiteElo "2365"]
[BlackElo "2058"]
[PlyCount "85"]
[EventDate "2023.01.23"]
[EventRounds "10"]
[EventCountry "BRA"]

1. e4 c6 2. Nc3 d5 3. Nf3 dxe4 4. Nxe4 Bf5 5. Ng3 Bg4 6. Bc4 e6 7. h3 Bxf3 8.
Qxf3 Nf6 9. O-O Be7 10. Rd1 O-O 11. d4 Nbd7 12. b3 Qc7 13. Bb2 Rfe8 14. Re1 a5
15. a3 b5 16. Bd3 b4 17. Ne4 Nd5 18. Nd2 bxa3 19. Bxa3 Bb4 20. Bxb4 axb4 21.
Nc4 N7f6 22. Qg3 Qxg3 23. fxg3 Nd7 24. Be4 Rec8 25. Nb2 N7f6 26. Bd3 Nc3 27.
Ba6 Rcb8 28. Nd3 Kf8 29. Ne5 Rb6 30. Bd3 Ra3 31. Nc4 Rxa1 32. Rxa1 Rb7 33. Ne5
g6 34. Nxc6 Nfd5 35. Kf2 Kg7 36. Kf3 h6 37. g4 Rc7 38. Ne5 Ne7 39. Ra6 Ned5 40.
Bc4 Nf6 41. Nd3 Nce4 42. Ke3 Nc3 43. Nxb4 1-0

[Event "IX Floripa Chess Open Fort Atacadista"]
[Site "Florianópolis - Santa Catari"]
[Date "2023.01.27"]
[Round "7.18"]
[White "Mazetto, Sergio Luiz"]
[Black "Rodi, Luis Ernesto"]
[Result "0-1"]
[WhiteElo "2065"]
[BlackElo "2295"]
[PlyCount "124"]
[EventDate "2023.01.23"]
[EventRounds "10"]
[EventCountry "BRA"]

1. c4 f5 2. g3 Nf6 3. Bg2 g6 4. Nf3 d6 5. d4 Bg7 6. Nc3 O-O 7. O-O Nc6 8. d5
Ne5 9. Nxe5 dxe5 10. Bg5 h6 11. Bxf6 Bxf6 12. Qb3 a6 13. c5 Kh7 14. Rad1 Rb8
15. Qa3 Bd7 16. c6 Be8 17. cxb7 Qd6 18. Qb3 Bg7 19. e3 Rf6 20. Rd2 Qc5 21. Qa3
Qxa3 22. bxa3 e4 23. Rc1 Rxb7 24. Ne2 Rd6 25. f3 exf3 26. Bxf3 Bf7 27. Rc6 Be5
28. Nf4 Rb1+ 29. Kf2 Rxc6 30. dxc6 Bd6 31. Nd5 Kg7 32. Rc2 Rb5 33. Nb4 a5 34.
Be2 Rb6 35. Nd3 Bxa3 36. Ne5 Be6 37. Nc4 Bxc4 38. Rxc4 Kf6 39. Rc2 e5 40. h4
Ke7 41. e4 Kd6 42. h5 Bc5+ 43. Kg2 gxh5 44. exf5 Bd4 45. Bf3 Ke7 46. Bd5 Kf6
47. Be4 Kg5 48. Kh3 Rb1 49. Re2 Rc1 50. Kg2 Rc3 51. Kh2 Rc1 52. Kh3 a4 53. Rc2
Re1 54. Bd5 Kxf5 55. Rc4 a3 56. Ra4 Bc5 57. Ra8 Re2 58. Re8 e4 59. Be6+ Kf6 60.
Bd5 Bg1 61. g4 Rh2+ 62. Kg3 h4+ 0-1